IVL and IJL Players (Identity V), Post IVL Summer 2023 - Statistics

General Stats
  • This quiz has been taken 19 times
  • The average score is 20 of 119
Answer Stats
Hint Answer % Correct
GW D
85%
ZETA alf
62%
Wolves 487
54%
Gr AK
54%
DOU5 DongX
54%
GG kucao
54%
GG 18
46%
Wolves ChoAi
46%
Gr ppx
46%
GG xawm
46%
ZETA Kznk
38%
GG ppxia
38%
MRC XC
38%
ACT xen
38%
Gr heart
31%
Wolves Huan
31%
Wolves Jelly
31%
DOU5 NAN
31%
MRC Nanako
31%
RC Soba
31%
Gr SuperRich
31%
WBG Ymm
31%
Gr ac
23%
RC AKa
23%
TE AnYi
23%
DOU5 Chen
23%
ZETA DoLisu
23%
GG fulan
23%
FL Hasha
23%
WBG Huiyi
23%
ACT Lis
23%
WBG Long
23%
ZETA Mocchi
23%
RC Raolie
23%
DOU5 silverzhi
23%
MRC XiaoD
23%
GG Yan
23%
WBG 1K
15%
MRC ALi
15%
FPX.ZQ bo1
15%
RC City
15%
Gr Czai
15%
ACT Fox
15%
Wolves guag
15%
ZETA Hametu
15%
MRC HuaC
15%
WBG iron
15%
TE Libao
15%
GG mbing
15%
ZETA MiraiK
15%
FPX.ZQ norcy
15%
AXIZ Nyan
15%
TE ppei
15%
FPX.ZQ Rabbit
15%
FPX.ZQ SanS
15%
Wolves ShuaiMr
15%
FPX.ZQ Sleepy
15%
FPX.ZQ Sxy
15%
WBG TK
15%
MRC XingH
15%
Wolves Yeyv
15%
ACT yue
15%
Gr zyan
15%
DOU5 ZYJ
15%
AXIZ Atto
8%
AWG banban
8%
SZ Burio
8%
FAV Chikin
8%
AXIZ Dming
8%
ACT Drop
8%
TE huahua
8%
RC ivory
8%
SZ Juda
8%
AWG Kaeru
8%
FAV Kruger
8%
SZ Latty
8%
AXIZ Lim
8%
FL maeken
8%
ACT Maom
8%
AWG Metal
8%
FL monoP
8%
WBG Night
8%
FL PiPiCha
8%
ACT QingH
8%
FPX.ZQ Regesi
8%
AXIZ Ryz
8%
AWG Scorpion
8%
SZ Shinami
8%
RC shota
8%
SZ soar
8%
AXIZ Takakou
8%
AXIZ Takoyaki
8%
TE Tang
8%
TE Tx
8%
FL Unpyi
8%
GW XingChen
8%
DOU5 YiHua
8%
GW YinL
8%
FL Yougg
8%
AWG yukakina
8%
GW YuNan
8%
AWG yunomaru
8%
FPX.ZQ ZiBi
8%
RC Alphar
0%
FAV Appai
0%
FAV Dacho
0%
GW dis
0%
FAV Felix
0%
GW h1gher
0%
GW JiaXin
0%
FL Kat
0%
FL Kit
0%
AWG Liz
0%
SZ mone
0%
FAV Nerisu
0%
TE QingQ
0%
GW Tea
0%
TE YinJue
0%
FAV Ze1u
0%
No matching quizzes found
Score Distribution
Percent of People with Each Score
Percentile by Number Answered
Your Score History
You have not taken this quiz